Los Andamios municipales : memorias de un semi-municipalista / Juan Aguiló Aguiló memorias de un semi-municipalista / Juan Aguiló Aguiló
Descripción Física:
146 p. ; 20 cm
MARC
| LEADER | 00000nam a2200000Ia 4500 | ||
|---|---|---|---|
| 001 | 14167 | ||
| 008 | 160829s1970 (Impr. Bayer) xx 000 0 cat d | ||
| 080 | |a M-4-142 | ||
| 100 | |a Aguiló Aguiló, Juan |9 20072 | ||
| 245 | |a Los Andamios municipales : |b memorias de un semi-municipalista / Juan Aguiló Aguiló | ||
| 260 | |a Barcelona : |b [s.n.], |c 1970 (Impr. Bayer) | ||
| 300 | |a 146 p. ; |c 20 cm | ||
| 650 | |a Urbanisme |9 30914 | ||
| 650 | 0 | |a Municipis |x Govern i administració |9 22275 | |
| 901 | |a Arxiu | ||
| 942 | |n 1 | ||
| 952 | |0 0 |1 0 |4 0 |6 M4142 |7 1 |9 42153 |a Arxiu |b Arxiu |d 2016-12-01 |l 0 |o M-4-142 |p 14167 |r 2016-12-01 00:00:00 |w 2016-12-01 |y ARXIU | ||
| 999 | |c 44600 |d 44600 | ||